| 000 | 00823nam a2200313 i 4500 | ||
|---|---|---|---|
| 001 | 1325757 | ||
| 003 | OSt | ||
| 005 | 20140310182715.0 | ||
| 008 | 780619s1977 enkad b 001 0 eng | ||
| 010 | _a 78313844 | ||
| 015 | _aGB77-31256 | ||
| 020 | _a0229117066 | ||
| 040 |
_aDLC _cDLC _dDLC |
||
| 050 | 0 | 0 |
_aVK 555 _b.D621 1983 |
| 082 | 0 | 0 |
_aM 623.89 _bD64 1983 |
| 100 | 1 | _aDixon, Conrad. | |
| 245 | 1 | 0 |
_aStart to navigate / _cDixon, Conrad |
| 260 |
_aLondon : _bAdlard Coles Nautical, _cc1977. |
||
| 300 |
_a125 p. _bill. ; _c20 cm. |
||
| 500 | _aIncludes index. | ||
| 504 | _aBibliography: p. [121] | ||
| 521 | _aCollege Students | ||
| 526 | _c1210L-1700L | ||
| 541 | _j1 | ||
| 562 | _e1 | ||
| 650 | 0 | _aNavigation. | |
| 906 |
_a7 _bcbc _corignew _d3 _encip _f19 _gy-gencatlg |
||
| 942 |
_2lcc _cBK _kM |
||
| 999 |
_c15273 _d15273 |
||